Biggest Cities on the North Sea on a Map - Statistics

General Stats
  • This quiz has been taken 140 times
  • The average score is 12 of 20
Answers on the Map
Answers color-coded by a green-red scale on the quiz's map according to % correct below.
 
Answer Stats
Population City % Correct
14,297,347 London
97%
1,114,745 Amsterdam
92%
815,500 Edinburgh
92%
1,353,950 Newcastle upon Tyne
91%
259,958 Bergen
86%
237,600 Aberdeen
84%
803,835 The Hague
82%
162,400 Dundee
77%
118,656 Bruges
69%
228,287 Stavanger
64%
165,123 Dunkirk
59%
175,300 Bremerhaven
47%
511,016 Middlesbrough
45%
270,225 Leiden
34%
177,045 Almere
31%
159,487 Grimsby
29%
118,600 Wilhelmshaven
25%
117,440 IJmuiden
19%
139,652 Margate
19%
118,400 Dunfermline
11%
No matching quizzes found
Score Distribution
Percent of People with Each Score
Percentile by Number Answered
Your Score History
You have not taken this quiz